| 000 | 01443cam a2200397 a 4500 | ||
|---|---|---|---|
| 001 | 4978485 | ||
| 003 | OSt | ||
| 005 | 20260213154130.0 | ||
| 008 | 980428s1998 ilu 000 0 eng | ||
| 010 | _a 98007752 | ||
| 020 |
_a0891079939 _qpbk. : alk. paper |
||
| 020 |
_a9780891079934 _q(pbk. : alk. paper) |
||
| 035 | _a4978485 | ||
| 040 |
_aDLC _cDLC _dDLC |
||
| 041 | 1 |
_aeng _hlat |
|
| 050 | 0 | 0 |
_aBS2805.3 _b.C35 1998 |
| 082 | 0 | 0 |
_a227/.94077 _221 |
| 100 | 1 |
_aCalvin, Jean, _d1509-1564. |
|
| 240 | 1 | 0 |
_aIn Evangelium secundum Johannem commentarius. _lEnglish |
| 245 | 1 | 0 |
_a1, 2 & 3 John / _cby John Calvin. |
| 246 | 3 | _aFirst, second, and third John | |
| 260 |
_aWheaton, Ill. : _bCrossway Books, _c1998. |
||
| 300 |
_a128 p. ; _c22 cm. |
||
| 336 |
_atext _btxt _2rdacontent |
||
| 337 |
_aunmediated _bn _2rdamedia |
||
| 338 |
_avolume _bnc _2rdacarrier |
||
| 440 | 4 | _aThe Crossway classic commentaries | |
| 505 | 0 | _a1 John / by John Calvin -- 2 & 3 John / by Matthew Henry. | |
| 630 | 0 | 0 |
_aBible. _pJohn _vCommentaries. |
| 655 | 7 |
_aCommentaries. _2lcgft _0https://id.loc.gov/authorities/genreForms/gf2025026014 |
|
| 700 | 1 |
_aHenry, Matthew, _d1662-1714. |
|
| 906 |
_a7 _bcbc _corignew _d1 _eocip _f19 _gy-gencatlg |
||
| 942 |
_2lcc _cBK |
||
| 999 |
_c21230 _d21229 |
||